000
00261nam a2200121Ia 4500
008
221102s9999 xx 000 0 und d
041
_a
eng
082
_b
Ram
100
_a
Ramji Lall
245
_a
Hamlet
250
_a
27
260
_b
Rama Brothers
_c
1905-07-03
999
_c
82020
_d
82020